000 00459nam a22001577a 4500
003 OSt
005 20120302144710.0
008 090331t xxu||||| |||| 00| 0 eng d
035 _a२०८३
040 _cमराठी
100 _aआपटे गुरुजी
_92811
245 _aपंडित जवाहरलाल नेहरु
250 _a२ री
260 _aमुंबई
_bढवळे
_c१९५६
942 _2ddc
_cBOOK
999 _c487965
_d487962